Kura-kura dengan harimau (Record no. 151977)

MARC details
000 -LEADER
fixed length control field 00738nam a2200265 i 4500
001 - CONTROL NUMBER
control field C2-0232895
003 - CONTROL NUMBER IDENTIFIER
control field PPAK
005 - DATE AND TIME OF LATEST TRANSACTION
control field 20180728090048.0
008 - FIXED-LENGTH DATA ELEMENTS--GENERAL INFORMATION
fixed length control field 010227s1995 my |||| ||||| | may d
020 ## - INTERNATIONAL STANDARD BOOK NUMBER
International Standard Book Number 9679712540
040 ## - CATALOGING SOURCE
Original cataloging agency PPAK
Language of cataloging eng
Transcribing agency PPAK
Description conventions rda
082 04 - DEWEY DECIMAL CLASSIFICATION NUMBER
Classification number 499.2386
Edition number 23
090 00 - LOCALLY ASSIGNED LC-TYPE CALL NUMBER (OCLC); LOCAL CALL NUMBER (RLIN)
Classification number (OCLC) (R) ; Classification number, CALL (RLIN) (NR) 499.2386
Feature heading OTH
Feature heading K
100 0# - MAIN ENTRY--PERSONAL NAME
Personal name Othman Ahmad,
Relator term author
245 10 - TITLE STATEMENT
Title Kura-kura dengan harimau
264 #1 - PRODUCTION, PUBLICATION, DISTRIBUTION, MANUFACTURE, AND COPYRIGHT NOTICE
Place of production, publication, distribution, manufacture Petaling Jaya, Selangor :
Name of producer, publisher, distributor, manufacturer Hasrat Murni ,
Date of production, publication, distribution, manufacture, or copyright notice 1995
300 ## - PHYSICAL DESCRIPTION
Extent 28 pages ;
Dimensions 18 cm
336 ## - CONTENT TYPE
Source rdacontent
Content type term text
337 ## - MEDIA TYPE
Source rdamedia
Media type term unmediated
338 ## - CARRIER TYPE
Source rdacarrier
Carrier type term volume
490 1# - SERIES STATEMENT
Series statement Siri bacaan tambahan
650 10 - SUBJECT ADDED ENTRY--TOPICAL TERM
Topical term or geographic name entry element Bahasa Melayu - Readers - Fiction.
830 #0 - SERIES ADDED ENTRY--UNIFORM TITLE
Uniform title Siri bacaan tambahan
942 ## - ADDED ENTRY ELEMENTS (KOHA)
-- dc
Koha item type Book
Holdings
Withdrawn Not for loan Current library Shelving location Date acquired Full call number Barcode Date last seen Koha item type Total Checkouts
    Perpustakaan Jitra Pinjaman Kanak-kanak 07/12/2003 K 499.2386 OTH A00831533 31/05/2018 Book  
    PD30, Bandar Baru Beris Jaya, Sik Pinjaman Kanak-kanak 25/05/2004 K 499.2386 OTH A00313971 31/05/2018 Book